Ricostruisci la Carriera del Calciatore - Saphir Taïder - Statistics

Statistiche generali
  • Questo quiz è stato fatto 2 volte
  • Il punteggio medio è 3 su 8
Statistiche sulle risposte
Hint Risposta % Corretto
2020-2021 Al-Ain Saudi
100%
2011-2013 Bologna
50%
2013-2014 Inter
50%
2014-2015 Sassuolo
50%
2014 Southampton
50%
2015-2018 Bologna
0%
2010-2011 Grenoble
0%
2018-2020 Montréal Impact
0%
Nessun quiz corrispondente trovato
Distribuzione punteggi
Percentuale di utenti per punteggio
Percentile per numero di risposta
I tuoi punteggi nel tempo
Non hai fatto questo quiz